[Event "Titled Tue 27th May Early"]
[Site "chess.com INT"]
[Date "2025.05.27"]
[Round "4"]
[White "Marichal Gonzalez, Ariel"]
[Black "Akkara, Omer"]
[Result "0-1"]
[WhiteTitle "IM"]
[BlackTitle "CM"]
[WhiteElo "2268"]
[BlackElo "2036"]
[WhiteFideId "3503232"]
[BlackFideId "26319802"]
[EventDate "2025.05.27"]

1. d4 Nf6 2. c4 e6 3. Nc3 d5 4. Nf3 Bb4 5. Qa4+ Nc6 6. e3 O-O 7. Qc2 h6 8. Bd3
Be7 9. a3 a5 10. Bd2 b6 11. O-O Ba6 12. b3 Qd7 13. Rfc1 dxc4 14. bxc4 Rad8 15.
Ne4 Nxe4 16. Bxe4 Bf6 17. Rab1 Ne7 18. c5 Rb8 19. cxb6 cxb6 20. Qc7 Qxc7 21.
Rxc7 Rfc8 22. Rxc8+ Nxc8 23. Bxa5 Nd6 24. Bc6 Rc8 25. Rxb6 Be2 26. Bb4 Nc4 27.
Ra6 Kh7 28. Bb5 Rb8 29. Bxc4 Bxc4 30. h3 Bxa6 31. Nd2 Rc8 32. Ne4 Ra8 33. Nd6
Be7 34. Nxf7 Bxb4 35. axb4 Rb8 36. Ne5 Rxb4 37. Nd7 Rb1+ 38. Kh2 Rb2 39. Kg3 Bd3
40. Nc5 Bf5 41. e4 Bg6 42. f3 Bf7 43. Nd3 Rd2 44. Ne5 Bg8 45. Nc6 Rc2 46. Ne7
Rd2 47. Nc6 Rc2 48. Ne7 Rc4 49. d5 exd5 50. exd5 Rd4 51. Kf2 Rc4 52. Ke3 Rc7 53.
d6 Rd7 54. Nf5 Be6 55. Nd4 Rxd6 56. Ke4 Bf7 57. Ke5 Rg6 58. g4 Rf6 59. f4 Bg6
60. f5 Bf7 61. Ne2 Ra6 62. Nf4 Ra5+ 63. Kd6 Ra4 64. Ke7 Rxf4 65. Kxf7 Rf3 66. h4
Rg3 67. f6 gxf6 68. g5 fxg5 69. h5 Rh3 0-1

[Event "Titled Tue 27th May Early"]
[Site "chess.com INT"]
[Date "2025.05.27"]
[Round "4"]
[White "Brenke, Andreas"]
[Black "Arya G Mallar"]
[Result "0-1"]
[WhiteTitle "FM"]
[BlackTitle "WCM"]
[WhiteElo "2349"]
[BlackElo "2014"]
[WhiteFideId "4602900"]
[BlackFideId "25115324"]
[EventDate "2025.05.27"]

1. d4 Nf6 2. c4 g6 3. Nc3 d5 4. Nf3 Bg7 5. Qb3 dxc4 6. Qxc4 O-O 7. e4 Nc6 8. Be2
Bg4 9. Be3 Na5 10. Qa4 b6 11. Rd1 Qc8 12. h3 Bd7 13. Qc2 c5 14. d5 e6 15. d6 Nc6
16. O-O Qb7 17. e5 Ne8 18. Bf4 f6 19. exf6 Nxf6 20. Rfe1 Rae8 21. Ne5 Nd4 22.
Qd2 Rd8 23. Nxd7 Nxd7 24. Bc4 Rde8 25. a4 Kh8 26. Bg5 e5 27. Be7 Rf4 28. Bd5 Qa6
29. f3 Nf5 30. Bc6 Qc8 31. Bd5 Rd4 32. Qc2 Nxe7 33. dxe7 Rxe7 34. Ne4 Qe8 35.
Nd6 Qf8 36. Rxd4 cxd4 37. b4 Nf6 38. Bb3 Rd7 39. Qc6 Rxd6 40. Qc7 d3 41. Rd1 d2
42. Qxa7 Bh6 43. Qb7 Be3+ 44. Kh1 Nh5 45. Qe4 Ng3+ 46. Kh2 Nxe4 47. fxe4 Qf4+
48. Kh1 Qxe4 49. a5 Qd3 50. Ba2 Qe2 51. Bb3 Rc6 52. axb6 Rxb6 53. Ba4 Rxb4 54.
Bc2 Rc4 55. Bb3 Rc1 56. Kh2 Rxd1 57. Bxd1 Bf4+ 0-1

[Event "Titled Tue 27th May Early"]
[Site "chess.com INT"]
[Date "2025.05.27"]
[Round "4"]
[White "Zhigalko, Sergei"]
[Black "Al-Tarboush, Ward"]
[Result "1-0"]
[WhiteTitle "GM"]
[BlackTitle "FM"]
[WhiteElo "2572"]
[BlackElo "2223"]
[WhiteFideId "13502956"]
[BlackFideId "7601450"]
[EventDate "2025.05.27"]

1. e4 e6 2. d4 d5 3. e5 c5 4. c3 Nc6 5. Nf3 Qb6 6. Bd3 cxd4 7. O-O Bd7 8. a3 Rc8
9. Re1 Nh6 10. b4 dxc3 11. Nxc3 Ng4 12. Ra2 Nxb4 13. Na4 Nxd3 14. Nxb6 Rxc1 15.
Qxd3 Rxe1+ 16. Nxe1 axb6 17. Qd4 h5 18. Nd3 Bb5 19. Rc2 Bxd3 20. Qxd3 Bc5 21.
Qb5+ Kf8 22. a4 Kg8 23. Rxc5 bxc5 24. Qxb7 c4 25. a5 Kh7 26. h3 Nxe5 27. a6 c3
28. Qc7 Nc4 29. Qxf7 c2 30. Qxh5+ Kg8 31. Qg5 Kf7 32. Qf4+ Ke7 33. Qg5+ Kd6 34.
Qc1 Ra8 35. Qxc2 Rxa6 36. Kh2 Ra3 37. Qc1 Ra7 38. Qg5 Re7 39. h4 d4 40. Qf4+ e5
41. Qe4 Rc7 42. h5 Nb6 43. f4 Nd7 44. fxe5+ Nxe5 45. Qxd4+ Ke6 46. Qe4 Rc4 47.
Qh7 Kf6 48. Kh3 Rc3+ 49. g3 Rc4 50. Qh8 Nf7 51. Qf8 Ke6 52. Qg8 Kf6 53. Qf8 Rc7
54. Kg2 Re7 55. Kh3 Re5 56. g4 Ke6 57. Qxg7 Ng5+ 58. Kh4 Nf3+ 59. Kg3 Re3 60.
Kf4 Rb3 61. Qg6+ Ke7 62. Qh7+ Kd6 63. Qg6+ Kc5 64. Qf5+ Kb4 65. Qe4+ Ka3 66.
Qxf3 1-0

[Event "Titled Tue 27th May Early"]
[Site "chess.com INT"]
[Date "2025.05.27"]
[Round "4"]
[White "Ivannikov, Maksim"]
[Black "Yilmaz, Mustafa"]
[Result "0-1"]
[WhiteTitle "CM"]
[BlackTitle "GM"]
[WhiteElo "2184"]
[BlackElo "2586"]
[WhiteFideId "34275339"]
[BlackFideId "6302718"]
[EventDate "2025.05.27"]

1. e4 g6 2. d4 Bg7 3. Nc3 d6 4. Be3 c6 5. a4 a5 6. h3 Na6 7. g4 Nf6 8. Nge2 O-O
9. Bg2 Nb4 10. O-O e5 11. f4 exd4 12. Bxd4 Re8 13. Ng3 d5 14. exd5 Nxg4 15. hxg4
Bxg4 16. Qxg4 Bxd4+ 17. Kh2 Nxc2 18. dxc6 Ne3 19. Qf3 Qh4+ 20. Bh3 Nxf1+ 21.
Nxf1 bxc6 22. Rd1 Rad8 23. Qg3 Qf6 24. Bg4 Kg7 25. Rd2 Qe7 26. Re2 Qb4 27. Rxe8
Rxe8 28. Qf3 Qxb2+ 29. Ne2 c5 30. Ng3 h5 31. Bd7 Re7 32. Bb5 Qc2 33. Qg2 Kf8 34.
f5 h4 35. Nf1 Qxf5 36. Nd2 Qe5+ 37. Kh1 Be3 38. Nf3 Qa1+ 39. Kh2 Qf6 40. Kh3 Kg7
41. Nh2 Qf5+ 42. Ng4 Bg5 43. Kh2 Bf4+ 44. Kh1 Qb1+ 45. Ng1 Re1 46. Nh2 Be3 47.
Nf3 Rxg1+ 48. Nxg1 h3 49. Qg3 Qe4+ 50. Kh2 Bf4 51. Nxh3 Bxg3+ 52. Kxg3 Qe3+ 53.
Kg2 f5 54. Nf2 Kf6 55. Bc6 Qg5+ 56. Kf3 Qh4 57. Bb5 Qb4 58. Nd1 c4 59. Ne3 Kg5
60. Nxc4 Qc3+ 61. Ke2 Kf4 62. Nd2 g5 63. Bd3 g4 64. Nc4 g3 65. Ne3 Qe5 66. Be4
Qxe4 67. Kf1 Qxe3 68. Kg2 Qf2+ 69. Kh3 Qh2# 0-1

[Event "Titled Tue 27th May Early"]
[Site "chess.com INT"]
[Date "2025.05.27"]
[Round "4"]
[White "Burmakin, Vladimir"]
[Black "Tahbaz, Arash"]
[Result "1/2-1/2"]
[WhiteTitle "GM"]
[BlackTitle "IM"]
[WhiteElo "2435"]
[BlackElo "2462"]
[WhiteFideId "4105109"]
[BlackFideId "12528846"]
[EventDate "2025.05.27"]

1. d4 Nf6 2. Nf3 g6 3. Bf4 Bg7 4. e3 O-O 5. Be2 d6 6. O-O Nc6 7. h3 Nd7 8. Bh2
e5 9. c3 f5 10. b4 Qe7 11. b5 Nd8 12. Qb3+ Kh8 13. Nbd2 g5 14. dxe5 dxe5 15. Nc4
Nf7 16. Rad1 h5 17. Qb4 Qf6 18. Rxd7 Bxd7 19. Nfxe5 Nxe5 20. Bxe5 Qg6 21. Bxc7
Rac8 22. Ne5 Qe6 23. Bd6 Rf6 24. Bc4 Qxd6 25. Qxd6 Rxd6 26. Nf7+ Kh7 27. Nxd6
Rc7 28. Rd1 Bxc3 29. Bd3 Bh8 30. Nxf5 Be5 31. a4 Kg8 32. Ne7+ Kf7 33. Nd5 Rc5
34. Be2 g4 35. hxg4 hxg4 36. e4 Be6 37. Ne3 g3 38. f4 Rc3 39. Nd5 Bxd5 40. Rxd5
Rc1+ 41. Rd1 Bxf4 42. Rxc1 Bxc1 43. Bc4+ Kf6 44. Kf1 Ke5 45. Bd5 b6 46. Ke2 Bf4
47. Kf3 Bd2 48. Kxg3 Be1+ 49. Kg4 Bd2 50. Kh5 Kf6 51. g4 Bf4 52. Kh4 Bg5+ 53.
Kh3 Ke5 54. Kg3 Kf6 55. Be6 Ke5 56. Bf5 Kd4 57. Kf3 Ke5 58. Ke2 Bh4 59. Kd3 Be7
60. Ke2 Bg5 61. Kf3 Kd4 62. Bg6 Ke5 63. Bf5 Bh6 64. Bg6 Bg5 65. Bf5 1/2-1/2

[Event "Titled Tue 27th May Early"]
[Site "chess.com INT"]
[Date "2025.05.27"]
[Round "4"]
[White "Hnatyshyn, Anastasiia"]
[Black "May Sanchez, Andres Elias"]
[Result "1-0"]
[WhiteTitle "WFM"]
[BlackTitle "CM"]
[WhiteElo "2159"]
[BlackElo "2209"]
[WhiteFideId "14198339"]
[BlackFideId "5150973"]
[EventDate "2025.05.27"]

1. Nc3 e5 2. Nf3 Nc6 3. d4 exd4 4. Nxd4 Nf6 5. Bg5 h6 6. Bxf6 Qxf6 7. Nd5 Qxd4
8. Qxd4 Nxd4 9. Nxc7+ Kd8 10. Nxa8 b6 11. O-O-O Nc6 12. e4 Bb7 13. Nxb6 axb6 14.
Bc4 Bc5 15. f3 Rf8 16. Bd5 Kc7 17. c3 g5 18. h4 gxh4 19. Rxh4 f5 20. Kc2 Be3 21.
exf5 Rxf5 22. Be4 Rg5 23. g4 Ra5 24. a3 Bg5 25. Rh5 Ra8 26. Rf1 Ba6 27. Re1 Rf8
28. Bf5 Bc4 29. f4 Bxf4 30. Re4 Bf7 31. Rh1 Bg5 32. Rd1 d5 33. Ree1 b5 34. Be6
Bg6+ 35. Kb3 d4 36. cxd4 Rf3+ 37. Ka2 Rf2 38. d5 Nd8 39. d6+ Kc6 40. Bd5+ Kxd6
41. Bf7+ Bd2 42. Bxg6 Kc5 43. Rf1 Rg2 44. Bf5 Kb6 45. Kb1 Nf7 46. Rg1 Rf2 47.
Rgf1 Rh2 48. Rh1 Rf2 49. Rh3 Ng5 50. Rd3 Bf4 51. Rd5 Bg3 52. Bd7 b4 53. Rb5+ Kc7
54. Rxb4 Be5 55. Bf5 Nf7 56. Rc1+ Kd8 57. Rc2 Rf1+ 58. Ka2 Rf3 59. Re4 Bf6 60.
a4 Be5 61. a5 Rf4 62. a6 1-0

[Event "Titled Tue 27th May Early"]
[Site "chess.com INT"]
[Date "2025.05.27"]
[Round "4"]
[White "Bruhovich, Olexandr"]
[Black "Piddubna, Bozhena"]
[Result "0-1"]
[WhiteTitle "CM"]
[BlackTitle "WFM"]
[WhiteElo "2208"]
[BlackElo "2174"]
[WhiteFideId "14119919"]
[BlackFideId "34109293"]
[EventDate "2025.05.27"]

1. e4 e5 2. Nf3 Nc6 3. Bb5 a6 4. Ba4 Nf6 5. O-O Be7 6. Re1 b5 7. Bb3 d6 8. c3
Na5 9. Bc2 c5 10. h3 g5 11. Nxg5 Rg8 12. d4 h6 13. dxe5 dxe5 14. Qxd8+ Bxd8 15.
Nf3 Bxh3 16. g3 Ng4 17. Nh2 h5 18. Nxg4 Bxg4 19. Bd1 h4 20. f3 Be6 21. g4 c4 22.
Be3 Be7 23. Nd2 O-O-O 24. Be2 Nb7 25. b4 cxb3 26. axb3 Bc5 27. Nf1 Rd6 28. b4
Bxe3+ 29. Nxe3 Rgd8 30. Kf2 Kc7 31. Rh1 Kb6 32. Rxh4 Rc6 33. Rc1 Rdc8 34. Nd1
Nd6 35. Rh5 f6 36. Rh6 Bb3 37. Rxf6 Nxe4+ 38. fxe4 Rxf6+ 39. Ke3 Rf4 40. Nf2 Bc4
41. Nh3 Rf7 42. Bf3 Rcf8 43. Ng5 Rg7 44. Nh3 Rh8 45. Rh1 Be6 46. Nf2 Rxh1 47.
Nxh1 Bxg4 48. Bg2 Be6 49. Bf1 Rh7 50. Nf2 Rh6 51. Be2 a5 52. Kf3 axb4 53. cxb4
Rh8 54. Nd3 Rh5 55. Ke3 Rh3+ 56. Kf2 Rh2+ 57. Ke3 Bc4 58. Nc1 Bxe2 59. Nxe2 Rh3+
60. Kd2 Rb3 61. Nc3 Rxb4 62. Nd5+ Kc5 63. Nxb4 Kxb4 64. Kc2 Kc4 65. Kb2 Kd4 66.
Kb3 Kxe4 67. Kb4 Kd3 68. Kxb5 e4 0-1

[Event "Titled Tue 27th May Early"]
[Site "chess.com INT"]
[Date "2025.05.27"]
[Round "4"]
[White "Avramidou, Anastasia"]
[Black "Ferey, Antonin"]
[Result "1/2-1/2"]
[WhiteTitle "FM"]
[BlackTitle "CM"]
[WhiteElo "2294"]
[BlackElo "2238"]
[WhiteFideId "4239873"]
[BlackFideId "36051454"]
[EventDate "2025.05.27"]

1. Nf3 g6 2. d4 Bg7 3. Nc3 d5 4. e4 dxe4 5. Nxe4 Nd7 6. c3 Ngf6 7. Ng3 O-O 8.
Be2 c5 9. dxc5 Nxc5 10. O-O b6 11. Be3 Bb7 12. a4 a5 13. b4 Qxd1 14. Bxd1 Ncd7
15. Bb3 axb4 16. cxb4 Bxf3 17. gxf3 Ne5 18. Kg2 Nd3 19. a5 bxa5 20. bxa5 Nd7 21.
Ra3 N7c5 22. Bc4 Bb2 23. Ra2 Bc3 24. a6 Nb4 25. Bxc5 Nxa2 26. Bxa2 Rxa6 27. Bb1
Bf6 28. Be3 Ra3 29. Be4 Rb8 30. Rd1 Rb2 31. Rd8+ Kg7 32. Bc5 Rc3 33. Ba7 Ra3 34.
Bd4 Raa2 35. Bxb2 Rxb2 36. Rd3 h5 37. Rd1 Bg5 38. Nf1 Bf6 39. Bd5 e6 40. Bc4 Bg5
41. Bd3 Bf4 42. Ne3 Bxe3 43. Rf1 Bd4 44. Be4 f5 45. Bc6 Kf6 46. h3 e5 47. Bd5
Ke7 48. Bc6 Kf6 49. Bd5 g5 50. Bc6 Rb4 51. Bd5 Rb2 52. Bc6 Rb4 53. Bd5 Rb6 54.
Bc4 Rc6 55. Bd3 Rc3 56. Bb5 Ke6 57. Ba4 h4 58. Be8 Ra3 59. Bb5 e4 60. fxe4 fxe4
61. Re1 Ke5 62. Bc6 e3 63. fxe3 Rxe3 64. Rxe3+ Bxe3 65. Bd7 Kf4 66. Bg4 Bd4 67.
Be2 Be5 68. Bg4 Bd4 69. Be2 Be3 70. Bg4 Bd2 71. Be2 Be1 72. Bg4 Bg3 73. Bh5 g4
74. Bxg4 Kg5 75. Kf3 Bf4 76. Ke4 Bg3 77. Kf3 Bf4 78. Ke4 Bg3 79. Kf3 1/2-1/2

[Event "Titled Tue 27th May Early"]
[Site "chess.com INT"]
[Date "2025.05.27"]
[Round "4"]
[White "Baladjaev, Gara"]
[Black "Li, Hui"]
[Result "0-1"]
[WhiteTitle "FM"]
[BlackTitle "CM"]
[WhiteElo "2404"]
[BlackElo "2041"]
[WhiteFideId "13401785"]
[BlackFideId "15400310"]
[EventDate "2025.05.27"]

1. d4 d5 2. c4 e6 3. Nf3 Nf6 4. g3 Be7 5. Bg2 O-O 6. O-O dxc4 7. Qc2 a6 8. Qxc4
b5 9. Qc2 Bb7 10. Nc3 Nbd7 11. Bf4 c5 12. dxc5 Nxc5 13. Rad1 Qb6 14. b4 Nce4 15.
Nxe4 Bxe4 16. Qb2 Rac8 17. Rc1 Nd5 18. Bd2 Qb7 19. a3 Nb6 20. Bc3 Na4 21. Qd2
Nxc3 22. Rxc3 Rxc3 23. Qxc3 Bf6 24. Qe3 Rd8 25. Nh4 Bxg2 26. Nxg2 g6 27. Nf4 Rc8
28. Rd1 Qc6 29. h4 Qc2 30. Rd3 Qc1+ 31. Qxc1 Rxc1+ 32. Kg2 Rc3 33. Rxc3 Bxc3 34.
Nd3 Kf8 35. Nc5 Bb2 36. Nxa6 Bxa3 37. Nc7 Bxb4 38. Nxb5 Ke7 39. Nd4 Ba3 40. e3
h5 41. Kf3 Bb2 42. Nb5 Kd7 43. Ke4 Ke7 44. Nd4 Bc3 45. Nc6+ Kf6 46. f4 Be1 47.
Kf3 Kg7 48. Ne5 Ba5 49. Nd3 Bc3 50. e4 f6 51. e5 Kf7 52. Nc5 fxe5 53. fxe5 Bxe5
54. Ne4 Bf6 55. Nd6+ Kg7 56. Ne8+ Kf7 57. Nd6+ Ke7 58. Ne4 Bg7 59. Kf4 Bh6+ 60.
Ke5 Be3 61. Ng5 Bf2 0-1

[Event "Titled Tue 27th May Early"]
[Site "chess.com INT"]
[Date "2025.05.27"]
[Round "4"]
[White "Tursunalieva, Nurelina"]
[Black "Ermolaev, Evgeny"]
[Result "0-1"]
[WhiteTitle "WCM"]
[BlackTitle "FM"]
[WhiteElo "1810"]
[BlackElo "2282"]
[WhiteFideId "13817329"]
[BlackFideId "24103195"]
[EventDate "2025.05.27"]

1. e4 c5 2. d4 cxd4 3. c3 dxc3 4. Nxc3 Nc6 5. Nf3 e6 6. Bc4 a6 7. O-O b5 8. Bd5
Nf6 9. Re1 Be7 10. Bb3 O-O 11. e5 Ne8 12. Bf4 d5 13. exd6 Bxd6 14. Bxd6 Qxd6 15.
Qe2 Bb7 16. Rad1 Qe7 17. Nd5 Qc5 18. Rc1 Qa7 19. Nf4 Nf6 20. Red1 Rad8 21. Bc2
Nd4 22. Nxd4 Rxd4 23. Rxd4 Qxd4 24. Nh5 Nxh5 25. Qxh5 g6 26. Qe2 Qxb2 27. Rd1
Rc8 28. Bd3 Qxe2 29. Bxe2 Bd5 30. a3 Rc3 31. Rd3 Rc1+ 32. Rd1 Rxd1+ 33. Bxd1 Kf8
34. Kf1 Ke7 35. f3 Kd6 36. Ke2 Kc5 37. Kd3 a5 38. Kc3 b4+ 39. axb4+ axb4+ 40.
Kb2 Kd4 41. Bb3 Bxb3 42. Kxb3 Ke3 43. Kxb4 Kf2 44. Kc3 Kxg2 45. h4 Kxf3 46. Kd4
Kg4 47. Ke5 Kxh4 48. Kf6 Kg4 49. Kxf7 h5 50. Kxe6 g5 51. Kf6 h4 52. Kg6 h3 53.
Kh6 h2 54. Kg6 h1=Q 55. Kg7 Qc6 56. Kg8 Qb7 57. Kf8 Kh4 58. Kg8 Kh3 59. Kf8 Kh2
60. Kg8 Kh1 61. Kf8 Kg1 62. Kg8 Kf1 63. Kf8 Ke1 64. Kg8 Kd1 65. Kf8 Kc1 66. Kg8
Kb1 67. Kf8 Ka1 68. Kg8 Ka2 69. Kf8 Ka3 70. Kg8 Ka4 71. Kf8 Ka5 72. Kg8 Ka6 73.
Kf8 Kb6 74. Kg8 Kc6 75. Kf8 Kd6 76. Kg8 Ke6 77. Kf8 Kf6 78. Kg8 g4 79. Kh8 g3
80. Kg8 g2 81. Kh8 Qc7 82. Kg8 Qd7 83. Kh8 Qe7 84. Kg8 Qf7+ 85. Kh8 Qg7# 0-1

[Event "Titled Tue 27th May Early"]
[Site "chess.com INT"]
[Date "2025.05.27"]
[Round "4"]
[White "Brozyna, Mateusz"]
[Black "Korneev Leskova, Svyatoslav"]
[Result "0-1"]
[WhiteTitle "FM"]
[BlackTitle "CM"]
[WhiteElo "2224"]
[BlackElo "2172"]
[WhiteFideId "21816140"]
[BlackFideId "22267565"]
[EventDate "2025.05.27"]

1. d4 e6 2. Bf4 c5 3. e3 Qb6 4. Nd2 cxd4 5. Ngf3 dxe3 6. Bxe3 Qc7 7. Bd3 Nf6 8.
O-O Be7 9. c4 b6 10. Nd4 a6 11. Ne4 Nxe4 12. Bxe4 Bb7 13. Bxb7 Qxb7 14. Qg4 O-O
15. Rad1 Nc6 16. Bh6 Bf6 17. Nxc6 Qxc6 18. Rd3 Kh8 19. Bg5 Bxg5 20. Qxg5 Qxc4
21. Rxd7 Qxa2 22. Qe5 Rad8 23. Rxd8 Rxd8 24. Qc7 Rf8 25. Qxb6 h6 26. Qd6 Ra8 27.
Qc6 Qd5 28. Qc7 e5 29. h3 f6 30. Rc1 Qb3 31. Rc2 a5 32. Kh2 a4 33. Rd2 Rg8 34.
Qa5 Rb8 35. Rd8+ Rxd8 36. Qxd8+ Kh7 37. Qd2 e4 38. Qf4 Qd5 39. g3 Kg6 40. h4 h5
41. Qe3 Kf7 42. Qf4 Qe5 43. Qe3 Qxb2 44. Qa7+ Kg6 45. Qe3 f5 46. Kh3 Qf6 47. Qa3
Qc6 48. Qf8 Qa6 49. Qd8 Kf7 50. Qg5 g6 51. Kh2 Ke8 52. Qh6 Kd7 53. Qg7+ Kc8 54.
Qf8+ Kb7 55. Qe7+ Kb6 56. Qd6+ Kb5 57. Qd5+ Kb4 58. Qd4+ Qc4 59. Qb2+ Qb3 60.
Qd4+ Kb5 61. Qd7+ Kc4 62. Qc6+ Kd3 63. Qxg6 a3 64. Qxh5 a2 65. Qh8 Qc2 66. h5
Qxf2+ 67. Kh3 Qf1+ 68. Kh4 a1=Q 69. Qxa1 Qxa1 70. h6 Qh1+ 71. Kg5 e3 0-1

[Event "Titled Tue 27th May Early"]
[Site "chess.com INT"]
[Date "2025.05.27"]
[Round "4"]
[White "Souza dos Santos, Matheus Garcett"]
[Black "Ramsdal, Jens Albert"]
[Result "0-1"]
[BlackTitle "FM"]
[WhiteElo "1981"]
[BlackElo "2351"]
[WhiteFideId "2144492"]
[BlackFideId "1429221"]
[EventDate "2025.05.27"]

1. d4 Nf6 2. c4 c5 3. d5 b5 4. Qc2 bxc4 5. e4 Na6 6. a3 g6 7. Bxc4 Bg7 8. e5 Ng4
9. f4 O-O 10. h3 Nh6 11. Nf3 Nf5 12. O-O d6 13. Nc3 Nd4 14. Qd3 Nxf3+ 15. Rxf3
Bf5 16. Qe2 Nc7 17. g4 Bd7 18. e6 fxe6 19. dxe6 Bc6 20. Rg3 d5 21. Bd3 Bd4+ 22.
Kh2 Qd6 23. Bd2 Rf6 24. Rf1 Rxe6 25. Qg2 Bxc3 26. bxc3 c4 27. Bf5 Rf6 28. Bc2 d4
29. Be4 d3 30. Bxc6 Qxc6 31. Be3 Qxg2+ 32. Kxg2 Nd5 33. Bd4 Ra6 34. Re1 Rxa3 35.
f5 Ra2+ 36. Kh1 Rb8 37. fxg6 hxg6 38. Rg2 Rxg2 39. Kxg2 Rb2+ 40. Kf3 Kf7 41. Ke4
Nf6+ 42. Bxf6 exf6 43. Kd4 Re2 44. Rd1 Rh2 45. Kxc4 Rxh3 46. Rd2 Rg3 47. Kd4
Rxg4+ 48. Kxd3 Ke6 49. c4 Kd6 50. Kc3+ Kc6 51. Kb4 f5 52. Re2 Re4 53. Rg2 Re6
54. Rg5 Rf6 55. Rg2 f4 56. Ra2 Kb7 57. Rd2 f3 58. Rf2 g5 59. Kc5 g4 60. Kd4 g3
61. Rb2+ Kc6 62. Ke3 f2 63. Rb5 f1=Q 64. Rf5 Qxf5 65. Kd4 Qd7+ 66. Kc3 Rf3+ 67.
Kb2 Qb7+ 68. Kc1 Rc3+ 69. Kd1 Qb2 70. Ke1 Rc1# 0-1

[Event "Titled Tue 27th May Early"]
[Site "chess.com INT"]
[Date "2025.05.27"]
[Round "4"]
[White "Pavlov, Nikolay"]
[Black "Ferrara, Enzo"]
[Result "1-0"]
[WhiteTitle "FM"]
[WhiteElo "2316"]
[BlackElo "2138"]
[WhiteFideId "24141470"]
[BlackFideId "137731"]
[EventDate "2025.05.27"]

1. e4 e6 2. d4 d5 3. e5 c5 4. c3 Nc6 5. Nf3 Bd7 6. Be2 f6 7. O-O fxe5 8. Nxe5
Nxe5 9. dxe5 Qc7 10. Re1 Ne7 11. Bf1 O-O-O 12. a4 Nf5 13. Na3 a6 14. Bg5 Be7 15.
Bxe7 Nxe7 16. b4 Kb8 17. b5 a5 18. b6 Qxb6 19. Rb1 Qc7 20. Nb5 Bxb5 21. Rxb5 b6
22. Qg4 Nf5 23. Reb1 Ka7 24. Bd3 Rb8 25. Bxf5 exf5 26. Qxf5 Rhe8 27. e6 Qd6 28.
Re1 Rf8 29. Qxh7 Rfc8 30. Qxg7+ Rb7 31. Qe5 Qe7 32. Qxd5 Rd8 33. Qe5 Rd2 34. Qe3
Ra2 35. Qf4 Qd8 36. Rbb1 Qe8 37. g3 Rxa4 38. Qd6 Qe7 39. Rbd1 Ra2 40. Re3 a4 41.
Qc6 Qh7 42. Rd7 Qb1+ 43. Kg2 Rxd7 44. Qxd7+ Ka6 45. e7 Ra1 46. Qc8+ Ka5 47. Qa8+
Kb5 48. e8=Q+ Kc4 49. Qee4+ Kb3 50. Qxb1+ Rxb1 51. c4+ Kb4 52. Re6 Kxc4 53.
Qxa4+ Kd5 54. Qc6+ Kd4 55. Re4+ Kc3 56. Qd5 Rb4 57. Re3+ Kb2 58. Re2+ Ka1 59.
Qd2 Ra4 60. Qb2# 1-0

[Event "Titled Tue 27th May Early"]
[Site "chess.com INT"]
[Date "2025.05.27"]
[Round "4"]
[White "Tilahun, Abel Mathewos"]
[Black "Kakavand, Ramtin"]
[Result "0-1"]
[WhiteTitle "CM"]
[BlackTitle "FM"]
[WhiteElo "1944"]
[BlackElo "2179"]
[WhiteFideId "15702391"]
[BlackFideId "32790597"]
[EventDate "2025.05.27"]

1. c4 e5 2. Nc3 Bb4 3. Nd5 Be7 4. g3 Nf6 5. Nxe7 Qxe7 6. Bg2 O-O 7. e4 d6 8. Ne2
Nc6 9. O-O Bg4 10. f3 Be6 11. b3 a5 12. Bb2 Nd7 13. d4 exd4 14. Nxd4 a4 15. Nxc6
bxc6 16. Qd4 Qf6 17. Qd2 Qe7 18. f4 axb3 19. axb3 Nc5 20. Qc3 f6 21. Rae1 Rab8
22. e5 fxe5 23. fxe5 Rxf1+ 24. Rxf1 Rxb3 25. Qc2 d5 26. cxd5 Bxd5 27. Bxd5+ cxd5
28. Bd4 Rb5 29. Qf2 Ne6 30. Be3 Rb8 31. Bd2 Rf8 32. Qe2 Rxf1+ 33. Kxf1 c5 34.
Qf3 Qf7 35. Kg2 Qxf3+ 36. Kxf3 Kf7 37. g4 Nd4+ 38. Ke3 Ke6 39. Bc3 Kxe5 40. Kd3
Kf4 41. Bxd4 cxd4 42. Kxd4 Kxg4 43. Kxd5 Kf4 44. Ke6 g5 45. Kf6 h5 46. Kg6 Kg4
47. Kh6 h4 48. Kg6 h3 49. Kh6 Kf4 50. Kh5 g4 51. Kh4 Kf3 52. Kg5 g3 53. hxg3 h2
54. g4 h1=Q 55. Kf5 Qb1+ 56. Kg5 Qe4 57. Kh5 Qxg4+ 58. Kh6 Qg8 59. Kh5 Kf4 60.
Kh6 Kf5 61. Kh5 Qg5# 0-1

[Event "Titled Tue 27th May Early"]
[Site "chess.com INT"]
[Date "2025.05.27"]
[Round "4"]
[White "Zdorov, Egor Vit"]
[Black "Fernandez, Michael"]
[Result "0-1"]
[WhiteTitle "CM"]
[BlackTitle "FM"]
[WhiteElo "2100"]
[BlackElo "2226"]
[WhiteFideId "55688560"]
[BlackFideId "5803560"]
[EventDate "2025.05.27"]

1. d4 d5 2. c4 c6 3. Nf3 Nf6 4. e3 Bg4 5. h3 Bxf3 6. Qxf3 e6 7. a3 Bd6 8. Nc3
Nbd7 9. Bd3 O-O 10. O-O Re8 11. e4 e5 12. exd5 cxd5 13. cxd5 exd4 14. Nb5 Ne5
15. Qd1 Bb8 16. Nxd4 Qxd5 17. Be3 Qd6 18. Bf4 Rd8 19. Bxe5 Qxe5 20. Nf3 Qxb2 21.
Rb1 Qxa3 22. Rb3 Qd6 23. Qe2 Bc7 24. Rd1 Qc6 25. Bb5 Qc5 26. Rdb1 Bb6 27. Bc4
Rac8 28. Bd3 Re8 29. Qd2 Rcd8 30. Rc1 Qd5 31. Qc2 Ne4 32. Bxe4 Qxe4 33. Qa2 Qe2
34. Rb2 Rd1+ 35. Kh2 Qf1 36. Rxd1 Qxd1 37. Rd2 Qf1 38. Rd7 Rf8 39. Rd2 Qb5 40.
Rb2 Qc6 41. Rc2 Qd6+ 42. g3 h6 43. Kg2 Rd8 44. Rd2 Qf6 45. Re2 g6 46. Qc2 Kg7
47. Re4 Rd5 48. Rf4 Rf5 49. Rxf5 Qxf5 50. Qc4 Qf6 51. Qd5 Qc6 52. Qe5+ Kg8 53.
Qb8+ Kh7 54. Qf8 Qd5 55. Qe7 a5 56. g4 a4 57. Kg3 Bc5 58. Qe8 Bd6+ 59. Kg2 Kg7
60. Qxa4 b5 61. Qa1+ Kg8 62. Qb1 b4 63. Qc2 b3 64. Qc8+ Kg7 65. Qc3+ Kh7 66. Qb2
Bb4 67. Qa1 Qc4 68. Qf6 Bc3 69. Qf4 Qxf4 0-1

[Event "Titled Tue 27th May Early"]
[Site "chess.com INT"]
[Date "2025.05.27"]
[Round "4"]
[White "Martinez Alcantara, Jose Eduardo"]
[Black "Nguyen, Ngoc Truong Son"]
[Result "0-1"]
[WhiteTitle "GM"]
[BlackTitle "GM"]
[WhiteElo "2611"]
[BlackElo "2632"]
[WhiteFideId "3805662"]
[BlackFideId "12401110"]
[EventDate "2025.05.27"]

1. c4 e6 2. Nf3 d5 3. g3 Nf6 4. Bg2 Be7 5. O-O O-O 6. d3 c5 7. Nc3 Nc6 8. e4
dxc4 9. dxc4 Qxd1 10. Rxd1 Rd8 11. Bf4 Bd7 12. e5 Ne8 13. Ne4 h6 14. Rd2 Na5 15.
b3 Bc6 16. Re2 b6 17. Nc3 Bb7 18. Ne1 Bxg2 19. Kxg2 Nc6 20. h4 Nc7 21. h5 Rd7
22. Nf3 Rad8 23. Ne4 Nd4 24. Nxd4 Rxd4 25. Rc1 Na6 26. Bd2 Rxe4 27. Rxe4 Rxd2
28. a3 Nb8 29. Ree1 Nc6 30. Rcd1 Rd4 31. f4 Kf8 32. Kf3 Ke8 33. Ke3 Rxd1 34.
Rxd1 Nd4 35. Rb1 a5 36. Kd3 Kd7 37. g4 f6 38. exf6 gxf6 39. b4 a4 40. bxc5 Bxc5
41. g5 Nf5 42. gxh6 Nxh6 43. Ke4 Ke7 44. Rd1 Nf5 45. Rd3 Nd6+ 46. Kf3 f5 47. Rd2
Nxc4 48. Rg2 Nxa3 49. h6 Nc4 50. Rg7+ Kf8 51. Ra7 b5 52. h7 Bd4 53. Rd7 Bb2 54.
Rb7 a3 55. Rxb5 Kg7 56. Rb7+ Kh8 57. Ra7 Nd6 58. Ke2 Nb5 59. Ra8+ Kxh7 60. Kd3
Nc3 61. Kc2 Nd5 62. Ra4 Kg6 63. Kb3 Kh5 64. Ra6 Nxf4 65. Ra8 e5 66. Rg8 e4 67.
Rg1 e3 68. Re1 e2 69. Ka2 Kg4 70. Rg1+ Kf3 71. Rh1 Nd3 72. Rd1 Nb4+ 0-1